|
|
|
|
| LEADER |
00000nam a2200000 a 4500 |
| 001 |
vtls008750922 |
| 003 |
SK-MaSNL |
| 005 |
20260301021823.0 |
| 008 |
240315s1978 xo cze |
| 020 |
|
|
|c 65.00
|
| 035 |
|
|
|a POKPOH42623
|
| 040 |
|
|
|a SNK
|b slo
|c SNK
|e AACR2
|
| 041 |
0 |
|
|a cze
|
| 100 |
1 |
|
|a Štochl, Sláva
|4 aut
|9 280022
|
| 245 |
1 |
|
|a Lovcem živé krásy
|c Sláva Štochl
|
| 250 |
|
|
|a 1. vyd.
|
| 260 |
|
|
|a Praha
|b Panorama
|c 1978
|
| 300 |
|
|
|a 127 s. viaz.
|
| 650 |
0 |
7 |
|a príroda
|2 POKPOH
|9 3813
|
| 655 |
|
7 |
|a fotografie
|2 POKPOH
|9 70713
|
| 958 |
|
|
|a OND
|
| 999 |
|
|
|c 566180
|d 568110
|
| 952 |
|
|
|a SNK
|b SNK
|y VYP
|7 0
|p 17A0648230
|o snkIC 72954 D1
|i snkKIP 4816/78
|3 rekatalogizácia
|0 0
|1 1
|4 0
|d 2010-03-18
|l 0
|r 2026-02-23 13:58:07
|w 2026-02-23
|